000 00708nam a2200205Ia 4500
001 11845
003 GE_BSU
008 181216s||||||||xx |||||||||||||| ||und||
040 _cGE_BSU
080 _a683.132(07)
100 _aПономарева,Е.Г.
245 _aКормовая база пчеловодства и опыление сельскохозяйственных растении
245 _cРед.А.И.Заварский
260 _aМосква
260 _bКолос
260 _c1967
300 _a279стр.21см.
653 _aКормовая база пчеловодства и опыление сельскохозяйственных растении
942 _cBK
999 _c45024
_d45024